The waste land: a facsimile and transcript of the original drafts including the annotations of ezra pound (Record no. 215692)

MARC details
000 -LEADER
fixed length control field 00429nam a2200145Ia 4500
008 - FIXED-LENGTH DATA ELEMENTS--GENERAL INFORMATION
fixed length control field 230917s9999||||xx |||||||||||||| ||und||
040 ## - CATALOGING SOURCE
-- 57146
Original cataloging agency VIVEKANANDA LIBRARY
041 ## - Language
-- English
082 ## - DDC NUMBER
Classification number 821.8 E46W
100 ## - MAIN ENTRY--PERSONAL NAME
Personal name Eliot, T S
245 #4 - TITLE STATEMENT
Title The waste land: a facsimile and transcript of the original drafts including the annotations of ezra pound
260 ## - PUBLICATION, DISTRIBUTION, ETC. (IMPRINT)
Place of publication, distribution, etc London
Name of publisher, distributor, etc Faber & Faber
Date of publication, distribution, etc 1980
300 ## - PHYSICAL DESCRIPTION
Pages xxx, 131 p.
942 ## - ADDED ENTRY ELEMENTS (KOHA)
Koha item type Books
Holdings
Withdrawn status Lost status Damaged status Not for loan Location (home branch) Sublocation or collection (holding branch) Date acquired Koha issues (times borrowed) Koha full call number Accession No. Koha date last seen Koha item type
        VIVEKANANDA LIBRARY VIVEKANANDA LIBRARY 24/12/2002 1 821.8 E46W 79723 20/05/2024 Books
© Designed and Maintained by Vivekananda Library, MDU Rohtak